Analógové a číslicové počítače

Podrobná bibliografia
Hlavní autori: Skyva, Ladislav, 1934- (Autor), Kerepecká, Judita (Autor), Želizňáková, Irena (Autor)
Médium: Kniha
Jazyk:slovenčina
Fyzický popis:251, [1] s. grafy, tab., sch. 4°
Vydavateľské údaje: Bratislava Alfa 1974
Edícia:Dočasné vysokoškolské učebnice
Predmet:

MARC

LEADER 00000nam a2200000 a 4500
001 vtls008328016
003 SK-MaSNL
005 20260302052127.0
008 240313s1974 xo slo
015 |a SNBA1974 
035 |a SK01SNK19740020233 
035 |a SKM000022696 
040 |a SNK  |b slo  |c SNK  |e AACR2 
041 0 |a slo 
044 |a xo  |c SK 
080 |a 681.31(075.8)  |2 1. stred.slo 
100 1 |a Skyva, Ladislav,  |d 1934-  |4 aut  |9 9150 
245 1 0 |a Analógové a číslicové počítače  |c autori: Ladislav Skýva, Judita Kerepecká, Irena Želizňáková 
260 |a Bratislava  |b Alfa  |c 1974  |e Bratislava  |f Západoslovenské tlačiarne 42 
300 |a 251, [1] s.  |b grafy, tab., sch.  |c 4° 
366 |e 500 výt. 
490 1 |a Dočasné vysokoškolské učebnice 
504 |a Bibliogr. 
650 0 7 |a analógové počítače  |2 SNKPH  |9 49756 
650 0 7 |a číslicové počítače  |2 SNKPH  |9 279427 
655 7 |a učebnice vysokých škôl  |2 SNKPH  |9 70191 
700 1 |a Kerepecká, Judita  |4 aut  |9 398493 
700 1 |a Želizňáková, Irena  |4 aut  |9 708607 
830 0 |a Dočasné vysokoškolské učebnice  |9 278602 
852 |a Slovenská národná knižnica v Martine  |b 10000  |h SB 20531 
852 |a Slovenská národná knižnica v Martine  |b 10000  |h SB 20531 D1 
958 |a OND 
958 |a RK 
958 |a RM 
958 |a NB 
958 |a UV 
999 |c 1103920  |d 1105850 
952 |a SNK  |b SNK  |y PREZ  |7 0  |p 17A0901332  |o snkSB 20531  |i snkKSP 2134/74  |0 0  |1 0  |4 0  |d 2014-04-11  |f 1  |l 0  |r 2025-03-25 00:00:00  |w 2026-02-24 
952 |a SNK  |b SNK  |y VYP  |7 0  |o snkSB 20531 D1  |i snkKSP 2135/74  |0 0  |1 0  |4 0  |d 2014-04-11  |l 0  |r 2026-02-24 17:38:33  |w 2026-02-24 
952 |a SNK  |b SNK  |y VYP  |7 0  |o snkSB 20531 D2  |i snkD 2963/76  |8 1  |0 0  |1 0  |4 0  |d 2014-04-11  |l 0  |r 2026-02-24 17:38:33  |w 2026-02-24